Vplyv výživy na biomarkéry oxidačného stresu a antioxidačnej ochrany

Na minha lista:
Detalhes bibliográficos
Autor principal: Staruchová, Marta, 1961-
Formato: Livro
Idioma:eslovaco
Publicado em: Bratislava STU FCHPT 2008
Acesso em linha:View in OPAC
Tags: Adicionar Tag
Sem tags, seja o primeiro a adicionar uma tag!

MARC

LEADER 00000nam a2200000 a 4500
005 20260127134223.0
008 081028 2008 xo 000 0 slo d
035 |a vtls009353716 
039 9 |a 201912140701  |b AUTHORITY  |c 201912140645  |d AUTHORITY  |y 200810280815  |z mschk03 
040 |a STUSCHK1  |b slo  |c STUSCHK1  |e AACR2 
100 1 |a Staruchová, Marta,  |d 1961-  |9 105 
245 1 |a Vplyv výživy na biomarkéry oxidačného stresu a antioxidačnej ochrany  |c Marta Staruchová 
260 |a Bratislava  |b STU FCHPT  |c 2008 
300 |a 167 s.  |b il.  |c 30 cm + príloha 
500 |a Obháj.: 22.9. 2008 
500 |a Ústav biotechnológie potravinárstva, Odd. potravinárskej technológie 
910 |a SCHK95 
999 |c 7021  |d 7021